| Tag |
First Indicator |
Second Indicator |
Subfields |
| LEADER |
00000cam a2200000 4500 |
| 001 |
in00000062150 |
| 005 |
20151008051653.0 |
| 008 |
760121s1936 enk 00110 eng |
| 010 |
|
|
|a 36034782
|
| 035 |
|
|
|a (OCoLC)01938983
|
| 035 |
|
|
|9 AAG9317AM
|
| 040 |
|
|
|a DLC
|c FNP
|d TXA
|d UtOrBLW
|
| 049 |
|
|
|a TXAM
|c [201733]
|
| 050 |
|
0 |
|a HG186.R8
|b H8
|
| 082 |
0 |
|
|a 332.0947
|
| 092 |
|
|
|a 332.0947
|b H875s
|
| 100 |
1 |
|
|a Hubbard, Leonard Egerton,
|d 1882-
|
| 245 |
1 |
0 |
|a Soviet money and finance /
|c by L. E. Hubbard.
|
| 264 |
|
1 |
|a London :
|b Macmillan,
|c 1936.
|
| 300 |
|
|
|a xix, 339 pages ;
|c 23 cm.
|
| 336 |
|
|
|a text
|b txt
|2 rdacontent
|
| 337 |
|
|
|a unmediated
|b n
|2 rdamedia
|
| 338 |
|
|
|a volume
|b nc
|2 rdacarrier
|
| 650 |
|
0 |
|a Money
|z Soviet Union.
|
| 650 |
|
0 |
|a Finance
|z Soviet Union.
|
| 999 |
|
|
|a MARS
|
| 999 |
f |
f |
|s 8f7ab7e4-7145-3da1-90fd-ffbfb7cb4149
|i ee4dc5a4-9876-3a11-a5c4-ca50c2b35544
|t 0
|
| 952 |
f |
f |
|p ric
|a Texas A&M University
|b Rellis Campus
|c Joint Library Facility
|d Remote Storage
|t 0
|e HG186.R8 H8
|h Library of Congress classification
|i unmediated -- volume
|m A14800727780
|
| 998 |
f |
f |
|a HG186.R8 H8
|t 0
|l Remote Storage
|